Statistiken für Deutschrap Punchline Quiz by TBS #1

Klicken Sie hier um das Quiz zu spielen!

Allgemein

  • Dieses Quiz wurde 437 mal gespielt
  • Das Durchschnittsergebnis liegt bei 4 aus 10

Antwortstatistiken

FrageAntwort% Korrekt
"Diese Rapper und ihr'n Modemarkenfetisch; Check ich leider wenig wie die Cops mein Drogenfachchinesisch"Kollegah
74%
"Drogen, Geld, Waffen, ich liebe diese Dinge; Siehst du meine Fresse, wie sie spiegelt in der Klinge?; Sie hat fünf Zentimeter Durchmesser; Du bist ruhig besser, sonst tot durch Messer"AK Ausserkontrolle
68%
"Ihr gebt mir keine Chancen, ich muss gucken wo ich bleibe; Wenn ich keine Schuhe hab', dann geh' ich los und hol' mir deine; Wenn du zu 'nem Penner gehst und sagst, du hast nur große Scheine; Ist doch klar, dass er dann neidisch wird und sich fragt: 'Wo sind meine?' "Sido
48%
"Die erste von euch Fotzen, die mein Mikrofon berührt; Wird vom Kabel eingeschnürt und kriegt's hinten eingeführt; Ich würd' an deiner Stelle eigentlich gar nicht erst erzähl'n; Was du mit mir machen willst, weil mich das langweilt - und dich wird's quälen"Moses Pelham
46%
"Was jetzt? Ich schnapp' dich und entstell' dich; Schick' dich auf Gelbes, bis du endest wie Elvis"Haftbefehl
40%
"Auch wenn es eingebildet wirkt, ich geb' nicht jedem gleich die Hand; Ich bin wählerisch, du bist für das Gegenteil bekannt; Denn für dich darf es jedes Mädel sein, Töchter, alte Damen; Doch die Mädels mein', dein Penis streikt noch öfter als die Bahn"MoTrip
32%
"Lass das Mic los, Depp, du hast keine Tightflows; Wär' Rap Kampfsport, wär' deine Scheiße allerhöchstens Tae Bo"Azad
29%
"Ich bin kein Mensch, ich bin ein artverwandter Strafgefangener; Nutte, meine Wohnung sieht aus wie die Asservatenkammer"Hollywood Hank
27%
"Und so langsam wird es Zeit, dass ich meine Gun packe; Scheiße man, ich hab' noch keine, sammel' weiter Pfandflaschen; Und bis ich die Kohle irgendwann dann mal zusammenkratze; Chill' ich einfach weiter, Jogginghose, weisse Zwangsjacke"Cro
25%
"In der Schule wollt' ich cool sein mit dem Rucksack unterm Arm; Sagte mei'm Lehrer: 'Hä, ich ficke ihre Wurzel zum Quadrat!' "RAF Camora
23%

Verteilung der Resultate

Perzentil nach korrekt beantworteten Fragen

Anzahl Personen mit jedem Resultat

Ihre Resultats-Entwicklung

Sie haben dieses Quiz noch nicht gespielt